Návrh a vytvorenie webovej prezentácie vo vybranom podniku bakalárska práca

Na minha lista:
Detalhes bibliográficos
Autor principal: Bílik, Peter
Autor Corporativo: Fakulta podnikového manažmentu EU. Katedra informačného manažmentu
Outros Autores: Černý, Matej, 1982-
Formato: Livro
Idioma:eslovaco
Publicado em: Bratislava 2023
Tags: Adicionar Tag
Sem tags, seja o primeiro a adicionar uma tag!

MARC

LEADER 00000nbm a2200000 4500
001 0293604
005 20240530095333.0
041 0 |a slo 
044 |a SK 
245 1 0 |a Návrh a vytvorenie webovej prezentácie vo vybranom podniku  |b bakalárska práca  |c Peter Bílik ; školiteľ: Matej Černý 
264 1 |a Bratislava  |c 2023 
300 |a 43 s. 
100 1 |a Bílik, Peter 
700 1 |a Černý, Matej, 1982- 
710 2 |a Fakulta podnikového manažmentu EU. Katedra informačného manažmentu